<?xml version='1.0' encoding='UTF-8'?>
  <record xmlns="http://www.loc.gov/MARC21/slim">
    <leader>00000cem a2200000 i 4500</leader>
    <controlfield tag="001">ocn980504882</controlfield>
    <controlfield tag="003">OCoLC</controlfield>
    <controlfield tag="005">20251128115502.2</controlfield>
    <controlfield tag="008">980427s1596    ne        a     0   lat d</controlfield>
    <datafield tag="040" ind1=" " ind2=" ">
      <subfield code="a">QGJ</subfield>
      <subfield code="b">dut</subfield>
      <subfield code="c">QGJ</subfield>
      <subfield code="d">QGJ</subfield>
      <subfield code="d">OCLCL</subfield>
      <subfield code="d">OCLCQ</subfield>
    </datafield>
    <datafield tag="035" ind1=" " ind2=" ">
      <subfield code="a">(OCoLC)980504882</subfield>
    </datafield>
    <datafield tag="041" ind1="0" ind2=" ">
      <subfield code="a">lat</subfield>
      <subfield code="a">dut</subfield>
    </datafield>
    <datafield tag="084" ind1=" " ind2=" ">
      <subfield code="a">74.21</subfield>
      <subfield code="2">bcl</subfield>
    </datafield>
    <datafield tag="245" ind1="0" ind2="0">
      <subfield code="a">Deliniantur in hac tabula orae maritimae Abexiae, freti Mecani al Maris Rubri ... /</subfield>
      <subfield code="c">magno studio ex optimis tabulis Indicis recognita, omnia atque emendata =</subfield>
      <subfield code="b">Afbeeldinge der custen van Abex, der engte van Mecha, anders ghenaempt de Roode Zee, item de custen van Arabien, Ormus, Persen, tot Sinde toe, vanden rieviere Indus, Cambayen, Indien, ende Malabar, des eylants Ceylon, Choromandel, ende Orixa, de rijviere Ganges, ende t'Coninckrijcke van Bengala, item vande ghelegentheijt der inwijcken, eylanden, clippen, bancken, ondiepten ende diepten byde voorschreven custen liggende, met de rechte namen van igelijcke plaetse, alsoo de zelve byde ervarenste Portugeesche pilooten ghenaempt worden / alles met grooter vlijt uijt de beste Indiaensche pas ende lees-caerten, oversien ende verbeetert ; Henricus F. ab Langren sculpsit.</subfield>
    </datafield>
    <datafield tag="246" ind1="3" ind2="1">
      <subfield code="a">Afbeeldinge der custen van Abex, der engte van Mecha, anders ghenaempt de Roode Zee ...</subfield>
    </datafield>
    <datafield tag="255" ind1=" " ind2=" ">
      <subfield code="a">Schaal [ca. 1:14.423.000].</subfield>
    </datafield>
    <datafield tag="264" ind1=" " ind2="1">
      <subfield code="a">[Amsterdam] :</subfield>
      <subfield code="b">[Cornelis Claesz.],</subfield>
      <subfield code="c">[ca. 1596]</subfield>
    </datafield>
    <datafield tag="300" ind1=" " ind2=" ">
      <subfield code="a">1 krt. :</subfield>
      <subfield code="b">kopergrav. ;</subfield>
      <subfield code="c">39 x 53 cm</subfield>
    </datafield>
    <datafield tag="336" ind1=" " ind2=" ">
      <subfield code="a">cartografische afbeelding</subfield>
      <subfield code="b">cri</subfield>
      <subfield code="2">rdacontent/dut</subfield>
    </datafield>
    <datafield tag="337" ind1=" " ind2=" ">
      <subfield code="a">zonder medium</subfield>
      <subfield code="b">n</subfield>
      <subfield code="2">rdamedia/dut</subfield>
    </datafield>
    <datafield tag="338" ind1=" " ind2=" ">
      <subfield code="a">vel</subfield>
      <subfield code="b">nb</subfield>
      <subfield code="2">rdacarrier/dut</subfield>
    </datafield>
    <datafield tag="500" ind1=" " ind2=" ">
      <subfield code="a">Gebaseerd op zeekaarten van Bartolomeo Lasso.</subfield>
    </datafield>
    <datafield tag="500" ind1=" " ind2=" ">
      <subfield code="a">Ook in: Jan Huygen van Linschoten, Itinerario, voyage ofte schipvaert naer Oost ofte Portugaels Indien (Amstelredam, Cornelis Claesz., 1596).</subfield>
    </datafield>
    <datafield tag="510" ind1="4" ind2=" ">
      <subfield code="a">A. Cortesão e  A. Teixeira da Mota, Portugaliae monumenta cartographica,</subfield>
      <subfield code="c">dl. 3 (1960), p. 99-100, pl. 385A.</subfield>
    </datafield>
    <datafield tag="500" ind1=" " ind2=" ">
      <subfield code="a">Met 2 schaalstokken.</subfield>
    </datafield>
    <datafield tag="651" ind1=" " ind2="7">
      <subfield code="a">Zuidwest-Azië.</subfield>
      <subfield code="0">(NL-LeOCL)078970040.</subfield>
      <subfield code="2">gtt</subfield>
    </datafield>
    <datafield tag="655" ind1=" " ind2="7">
      <subfield code="a">Kaarten (vorm)</subfield>
      <subfield code="0">(NL-LeOCL)088143554.</subfield>
      <subfield code="2">gtt</subfield>
    </datafield>
    <datafield tag="700" ind1="1" ind2=" ">
      <subfield code="a">Langren, Hendrik Florisz. van</subfield>
      <subfield code="q">(Hendricus Florentius),</subfield>
      <subfield code="d">ca. 1574-na 1604.</subfield>
      <subfield code="4">egr</subfield>
    </datafield>
    <datafield tag="700" ind1="1" ind2=" ">
      <subfield code="a">Lasso, Bartolomeo.</subfield>
      <subfield code="4">ctg</subfield>
    </datafield>
    <datafield tag="758" ind1=" " ind2=" ">
      <subfield code="a">Deliniantur in hac tabula orae maritimae Abexiae, freti Mecani al Maris Rubri (CartographicMaterial)</subfield>
      <subfield code="1">https://id.oclc.org/worldcat/entity/E39PCXBBvhRQ9mJKkCKDjghXQy</subfield>
      <subfield code="4">https://id.oclc.org/worldcat/ontology/hasWork</subfield>
    </datafield>
    <datafield tag="936" ind1=" " ind2=" ">
      <subfield code="a">BATCHLOAD</subfield>
    </datafield>
  </record>